000 00776nam a2200301Ia 4500
003 OSt
005 20221007103033.0
006 a|||||r|||| 00| 0
007 ta
008 221006b |||||||| |||| 00| 0 eng d
020 _a8180380459
024 _a12,026
037 _cTextual
040 _aLCO
_cLCO
_beng
041 _2eng
_aeng
082 _aX724:(Z), P4
100 _aVyas D.
_9704807
245 0 _aLaw and Practice of Income Tax.V2
250 _a9th
260 _aNew
_bDelhi Lexis Nexis India
_c2004
300 _a1490
490 _vVol-1Vol-1
650 _aINCOME TAX
700 _a Kanga
700 _a Palkhivala
_9683892
942 _hX724:(Z), P4
_cTEXL
999 _c1181589
_d1181589